000 00552nam a2200229Ia 4500
003 OSt
005 20230509095648.0
008 210423s2007 xx 000 0 und d
020 _a195685334
040 _cAL
041 _aeng
082 _a574.88 BROT
_223
100 _aBROWN (T A),Ed.
_9100272
245 _aEssential molecular biology.
250 _a2
260 _aOxford
_bOxford University Press
_c2007
300 _axix,289
_bPB
365 _b595
_cINR
440 _v1
906 _abiology ; Essential ; molecular
942 _2ddc
_cBK
999 _c164522
_d164522